|
|
แสดงรายละเอียดบรรณานุกรม |
|
|
Brief Record
: Get Marc (ISO 2709)
: E-mail record
: |
|
|
| LEADER 00000nama 2200000uu 4500 | |||
| 001 199572 | |||
| 003 ULIBM | |||
| 008 040531s2552 th m m a000 0 tha d | |||
| 020 978-974-992-283-5 | |||
| 041 tha | |||
| 050 LB 1775 ท337 2552 | |||
| 100 ชิษณุ พันธุ์เจริญ. | |||
| 245 ทักษะการสื่อสาร เพื่อความเป็นเลิศด้านการเรียนการสอน/ ชิษณุ พันธุ์เจริญ และจรุงจิตร์ งามไพบูลย์, บรรณาธิการ. | |||
| 260 กรุงเทพฯ. ธนาเพรส. 2552. | |||
| 300 129 หน้า. | |||
| 600 1.ชิษณุ พันธุ์เจริญ, บรรณาธิการ. 2.จรุงจิตร์ งามไพบูลย์, บรรณาธิการ. | |||
| 650 1.ทักษะการสื่อสาร 2.การเรียนการสอน 3.การสื่อสารทางการศึกษา 4.การสื่อสารทางการแพทย์. | |||
| 995 001 | |||
| 999 ^aใช้งานได้ทุกระบบ | |||
| คุณยังไม่ได้ล็อกอิน คุณสามารถมีกิจกรรมร่วมกับเว็บไซต์ได้ แต่ต้องล็อกอินก่อน :: |
|
| สถานะ | |||||||||
| 1. | หนังสือทั่วไป สถานะ=หนังสือเก่า - บริการ ณ ห้องสมุด (ห้องเหลือง) | LB 1775 ท337 2552 | On Shelf ขอยืม | ||||||
| 2. | หนังสือทั่วไป สถานะ=หนังสือเก่า - บริการ ณ ห้องสมุด (ห้องเหลือง) | LB 1775 ท337 2552 | On Shelf ขอยืม | ||||||
| 3. | หนังสือทั่วไป สถานะ=หนังสือเก่า - บริการ ณ ห้องสมุด (ห้องเหลือง) | LB 1775 ท337 2552 | On Shelf ขอยืม | ||||||
| 4. | หนังสือทั่วไป สถานะ=หนังสือเก่า - บริการ ณ ห้องสมุด (ห้องเหลือง) | LB 1775 ท337 2552 | On Shelf ขอยืม | ||||||
| 5. | หนังสือทั่วไป | LB 1775 ท337 2552 | On Shelf ขอยืม | ||||||
| 6. | หนังสือทั่วไป สถานะ=หนังสือเก่า - บริการ ณ ห้องสมุด (ห้องเหลือง) | LB 1775 ท337 2552 ฉ.11 | On Shelf ขอยืม | ||||||
| [แสดง 6/6 รายการ] | |||||||||
BibComment |
| คอมเมนท์ทรัพยากรรายการนี้ |
|
|